| 000 | 00757nam a22002177a 4500 | ||
|---|---|---|---|
| 999 |
_c5263 _d5263 |
||
| 003 | AR-CdUCM | ||
| 008 | 190312b ||||| |||| 00| 0 spa d | ||
| 040 |
_aMUNICIPALIDAD PROVINCIAL DEL CUSCO _cBIBLIOTECA MUNICIPAL DEL CUSCO |
||
| 082 |
_a335.4092 / _bL15 |
||
| 100 |
_aLafargue, Pablo _915931 |
||
| 245 |
_aKarl Marx : _brecuerdos de su vida y su obra / |
||
| 260 |
_aLa Habana : _bPaginas, _c1943. |
||
| 300 |
_a55 páginas ; _c22 cm. |
||
| 440 |
_aEdiciones Sociales. _915932 |
||
| 505 | _aContenido: Recuerdos sobre Marx -- De mis recuerdos sobre Marx -- Marx en el trabajo -- Marx y los niños -- Paseo con Marx ... | ||
| 650 |
_aKarl Marx _915933 |
||
| 650 |
_aBiografía _922 |
||
| 650 |
_aAlemania _91327 |
||
| 942 |
_2ddc _cLIBROS |
||
| 945 | _aachl | ||